El origen de los elementos [película] / (Record no. 43065)
[ view plain ]
| 000 -CABECERA | |
|---|---|
| campo de control de longitud fija | 00641ngm a2200193 a 4500 |
| 005 - FECHA Y HORA DE LA ÚLTIMA TRANSACCIÓN | |
| campo de control | 20210223122853.0 |
| 008 - ELEMENTOS DE LONGITUD FIJA--INFORMACIÓN GENERAL | |
| campo de control de longitud fija | 991125s1973 mx 030 aaspa u |
| 035 ## - NÚMERO DE CONTROL DEL SISTEMA | |
| Número de control de sistema | UPN01000043065 |
| 049 ## - COLECCIÓN | |
| Colección | AV |
| 050 #4 - SIGNATURA TOPOGRÁFICA DE LA BIBLIOTECA DEL CONGRESO | |
| Número de clasificación | PPE 11 |
| 100 1# - ASIENTO PRINCIPAL--NOMBRE PERSONAL | |
| Nombre de persona | Sanders, Denis |
| 245 13 - MENCIÓN DE TÍTULO | |
| Título | El origen de los elementos [película] / |
| Mención de responsabilidad, etc. | Denis Sanders. |
| 260 ## - PUBLICACIÓN, DISTRIBUCIÓN, ETC. | |
| Lugar de publicación, distribución, etc. | México : |
| Nombre del editor, distribuidor, etc. | McGraw-Hill, |
| Fecha de publicación, distribución, etc. | 1973 |
| 300 ## - DESCRIPCIÓN FÍSICA | |
| Extensión | 1 carrete (30 min.) : |
| Otras características físicas | sd |
| 500 ## - NOTA GENERAL | |
| Nota general | Sumario: Explica las combinaciones de los elementos químicos : protonos, neutrones, etc., que dieron origen al universo |
| 650 #4 - ASIENTO SECUNDARIO DE MATERIA - TERMINO TEMATICO | |
| Término de materia o nombre geográfico como elemento de entrada | ELEMENTOS QUIMICOS |
| 9 (RLIN) | 16906 |
| 650 #4 - ASIENTO SECUNDARIO DE MATERIA - TERMINO TEMATICO | |
| Término de materia o nombre geográfico como elemento de entrada | TRANSMUTACION |
| 905 ## - TIPO DE MATERIAL | |
| Tipo de material | Audiovisuales |
| Estado de retiro | Estado de pérdida | Fuente del sistema de clasificación o colocación | Estado dañado | No para préstamo | Código de colección | Localización permanente | Ubicación/localización actual | Ubicación en estantería | Fecha de adquisición | Clasificación | Código de barras | Fecha visto por última vez | Número de copia | Tipo de ítem Koha | Nota pública |
|---|---|---|---|---|---|---|---|---|---|---|---|---|---|---|---|
| Library of Congress Classification | Audiovisuales | Bib. Gregorio Torres Quintero | Bib. Gregorio Torres Quintero | Audiovisual | 31/01/2023 | PPE 11 | 29P | 31/12/2020 | 1 | Libro | La biblioteca no cuenta con el equipo de reproducción. |
